شرح نهج البلاغة / (رقم التسجيلة. 178577)
[ عرض عادي ]
| 000 -LEADER | |
|---|---|
| fixed length control field | 01553namaa22003491i 4500 |
| 003 - CONTROL NUMBER IDENTIFIER | |
| control field | EG-GICUC |
| 005 - DATE AND TIME OF LATEST TRANSACTION | |
| control field | 20260217152627.0 |
| 008 - FIXED-LENGTH DATA ELEMENTS--GENERAL INFORMATION | |
| fixed length control field | 260217s1987 le ah||jr|||| 001 0 ara d |
| 040 ## - CATALOGING SOURCE | |
| Original cataloging agency | EG-GiCUC |
| Language of cataloging | ara |
| Transcribing agency | EG-GiCUC |
| Modifying agency | EG-GiCUC |
| Description conventions | rda |
| 082 04 - DEWEY DECIMAL CLASSIFICATION NUMBER | |
| Edition number | 21 |
| Classification number | 213 |
| Item number | H129sh |
| 092 04 - LOCALLY ASSIGNED DEWEY CALL NUMBER (OCLC) | |
| Edition number | 21 |
| Classification number | 213 |
| Item number | H129sh |
| 099 ## - LOCAL FREE-TEXT CALL NUMBER (OCLC) | |
| Classification number | 213 H129sh |
| 100 1# - MAIN ENTRY--PERSONAL NAME | |
| Personal name | ابن ابي الحديد، عبد الحميد بن هبة الله |
| Dates associated with a name | 1191-1257 او 1258. |
| Relator term | مؤلف. |
| 245 1# - TITLE STATEMENT | |
| Title | شرح نهج البلاغة / |
| Statement of responsibility, etc. | لابن أبى الحديد ؛ تحقيق محمد أبو الفضل |
| 250 ## - EDITION STATEMENT | |
| Edition statement | الطبعة الاولى |
| 264 ## - PRODUCTION, PUBLICATION, DISTRIBUTION, MANUFACTURE, AND COPYRIGHT NOTICE | |
| Place of production, publication, distribution, manufacture | بيروت (لبنان) : |
| Name of producer, publisher, distributor, manufacturer | دار الجيل، |
| Date of production, publication, distribution, manufacture, or copyright notice | 1987 |
| 300 ## - PHYSICAL DESCRIPTION | |
| Extent | مجلدات 20 فى 10 ؛ |
| Other physical details | إيضاحيات، مثيليات ؛ |
| Dimensions | 24 سم |
| Accompanying material | مجلد 1فهارس+ |
| 336 ## - CONTENT TYPE | |
| Source | rdacontent |
| Content type term | text |
| 337 ## - MEDIA TYPE | |
| Source | rdamedia |
| Media type term | Unmediated |
| 338 ## - CARRIER TYPE | |
| Source | rdacarrier |
| Carrier type term | volume |
| 500 ## - GENERAL NOTE | |
| General note | المجلد العاشر (الفهارس العامة) |
| 504 ## - BIBLIOGRAPHY, ETC. NOTE | |
| Bibliography, etc. note | يشتمل على ارجاعات ببليوجرافية |
| 541 ## - IMMEDIATE SOURCE OF ACQUISITION NOTE | |
| Source of acquisition | د. جابر عصفور ؛ |
| Address | القاهرة ؛ |
| Method of acquisition | إهداء ؛ |
| Date of acquisition | 2024. |
| 600 10 - SUBJECT ADDED ENTRY--PERSONAL NAME | |
| Personal name | ابن ابي الحديد، عبد الحميد بن هبة الله |
| Dates associated with a name | 1191-1257 او 1258. |
| Title of a work | شرح نهج البلاغة |
| 9 (RLIN) | 10615 |
| 650 17 - SUBJECT ADDED ENTRY--TOPICAL TERM | |
| Topical term or geographic name entry element | الوعظ و الارشاد |
| Source of heading or term | qrmak |
| 650 17 - SUBJECT ADDED ENTRY--TOPICAL TERM | |
| Topical term or geographic name entry element | الخطب الدينية |
| Source of heading or term | qrmak |
| 650 17 - SUBJECT ADDED ENTRY--TOPICAL TERM | |
| Topical term or geographic name entry element | البلاغة العربية |
| Source of heading or term | qrmak |
| 651 1# - SUBJECT ADDED ENTRY--GEOGRAPHIC NAME | |
| Source of heading or term | qrmak |
| 700 1# - ADDED ENTRY--PERSONAL NAME | |
| Personal name | إبراهيم، محمد أبو الفضل |
| Relator term | محقق. |
| 905 ## - Cataloger and Reviser Names | |
| Cataloger Name | Huda |
| 942 ## - ADDED ENTRY ELEMENTS (KOHA) | |
| Source of classification or shelving scheme | Dewey Decimal Classification |
| Koha item type | Books |
| Edition | 21 |
| Suppress in OPAC | No |
| Withdrawn status | Lost status | Source of classification or shelving scheme | Damaged status | Not for loan | Home library | Current library | Date acquired | Inventory number | Total checkouts | Full call number | Barcode | Date last seen | Price effective from | Koha item type |
|---|---|---|---|---|---|---|---|---|---|---|---|---|---|---|
| Dewey Decimal Classification | Not for loan | المكتبة المركزبة الجديدة - جامعة القاهرة | قاعة المكتبات المهداة - الدور الرابع | 17.02.2026 | 175125 | 213 H129sh v.1 pt. 1,2 J.U. | 01000100175125001 | 17.02.2026 | 17.02.2026 | Books | ||||
| Dewey Decimal Classification | Not for loan | المكتبة المركزبة الجديدة - جامعة القاهرة | قاعة المكتبات المهداة - الدور الرابع | 17.02.2026 | 175125 | 213 H129sh v.2 pt. 3,4 J.U. | 01000100175125002 | 17.02.2026 | 17.02.2026 | Books | ||||
| Dewey Decimal Classification | Not for loan | المكتبة المركزبة الجديدة - جامعة القاهرة | قاعة المكتبات المهداة - الدور الرابع | 17.02.2026 | 175125 | 213 H129sh v.3 pt. 5,6 J.U. | 01000100175125003 | 17.02.2026 | 17.02.2026 | Books | ||||
| Dewey Decimal Classification | Not for loan | المكتبة المركزبة الجديدة - جامعة القاهرة | قاعة المكتبات المهداة - الدور الرابع | 17.02.2026 | 175125 | 213 H129sh v.4 pt. 7,8 J.U. | 01000100175125004 | 17.02.2026 | 17.02.2026 | Books | ||||
| Dewey Decimal Classification | Not for loan | المكتبة المركزبة الجديدة - جامعة القاهرة | قاعة المكتبات المهداة - الدور الرابع | 17.02.2026 | 175125 | 213 H129sh v.5 pt. 9,10 J.U. | 01000100175125005 | 17.02.2026 | 17.02.2026 | Books | ||||
| Dewey Decimal Classification | Not for loan | المكتبة المركزبة الجديدة - جامعة القاهرة | قاعة المكتبات المهداة - الدور الرابع | 17.02.2026 | 175125 | 213 H129sh v.6 pt. 11,12 J.U. | 01000100175125006 | 17.02.2026 | 17.02.2026 | Books | ||||
| Dewey Decimal Classification | Not for loan | المكتبة المركزبة الجديدة - جامعة القاهرة | قاعة المكتبات المهداة - الدور الرابع | 17.02.2026 | 175125 | 213 H129sh v.7 pt. 13,14 J.U. | 01000100175125007 | 17.02.2026 | 17.02.2026 | Books | ||||
| Dewey Decimal Classification | Not for loan | المكتبة المركزبة الجديدة - جامعة القاهرة | قاعة المكتبات المهداة - الدور الرابع | 17.02.2026 | 175125 | 213 H129sh v.8 pt. 15,16 J.U. | 01000100175125008 | 17.02.2026 | 17.02.2026 | Books | ||||
| Dewey Decimal Classification | Not for loan | المكتبة المركزبة الجديدة - جامعة القاهرة | قاعة المكتبات المهداة - الدور الرابع | 17.02.2026 | 175125 | 213 H129sh v.9 pt. 17,18 J.U. | 01000100175125009 | 17.02.2026 | 17.02.2026 | Books | ||||
| Dewey Decimal Classification | Not for loan | المكتبة المركزبة الجديدة - جامعة القاهرة | قاعة المكتبات المهداة - الدور الرابع | 17.02.2026 | 175125 | 213 H129sh v.10 pt. 19,20 J.U. | 01000100175125010 | 17.02.2026 | 17.02.2026 | Books | ||||
| Dewey Decimal Classification | Not for loan | المكتبة المركزبة الجديدة - جامعة القاهرة | قاعة المكتبات المهداة - الدور الرابع | 17.02.2026 | 175125 | 213 H129sh v.11 Index J.U. | 01000100175125011 | 17.02.2026 | 17.02.2026 | Books |